000 00478nam a2200157Ia 4500
999 _c20217
_d20217
003 OSt
005 20200616141013.0
008 190216s9999||||xx |||||||||||||| ||und||
040 _coclc
082 _a303.484
_bPHA/S
100 _aPhadke, Y D
_92679
245 0 _aSocial Reform Movements In Maharashtra /
_cY D Phadke
260 _bMaharashtra Information Centre,
_c1989.
_aNewdelhi:
300 _a49p
942 _cBK
_2ddc
_h303.484
_iPHA/S
_k303.484
_mPHA/S